Statistics for Google Maps Cities - Azerbaijan

Click here to take the quiz!

General Stats

  • This quiz has been taken 17 times
  • The average score is 5 of 14

Answer Stats

City% Correct
Baku
100%
Ganja
71%
Nakhchivan
43%
Quba
43%
Shirvan
36%
Sheki
29%
Agdam
21%
Gebele
21%
Jelilabad
21%
Shamkir
21%
Khachmaz
14%
Mardakan
14%
Mingecevir
14%
Xankandi
14%

Score Distribution

Percentile by Number Answered

Percent of People with Each Score

Your Score History

You have not taken this quiz